| 000 | 01016nam a2200277 a 4500 | ||
|---|---|---|---|
| 001 | 31215 | ||
| 003 | BD-RjUL | ||
| 005 | 20211209051655.0 | ||
| 008 | 140413s1950 enk b 001 0 eng d | ||
| 035 | _a(BD-RjUL)31302 | ||
| 040 |
_aDLC _cCarP _dDLC _dBD-RjUL _beng |
||
| 041 | _aeng | ||
| 082 | 0 | 0 |
_a270 _bPAH V-7 1950 |
| 100 | 1 |
_aPastor, Ludwig, _d1854-1928 _994339 |
|
| 245 | 1 | 4 |
_aThe history of the popes, from the close of the middle ages : _bdrawn from the secret archives of the Vatican and other original sources / _cby Ludwig Pastor, Freiherr von; edited by Ralph Francis Kerr. _nVolume VII |
| 250 | _a3rd ed. | ||
| 260 |
_aLondon : _bKagan Paul ; _bTrench, _c1950. |
||
| 300 |
_axlii, 509 p. ; _c23 cm. |
||
| 504 | _aIncludes bibliographical references and index. | ||
| 610 |
_aCatholic Church -- History. _9114351 |
||
| 650 | 0 |
_aPapacy _xHistory. _y1799-1870. _994340 |
|
| 700 | 1 |
_aKerr, Ralph Francis. _eed. _994341 |
|
| 942 |
_2ddc _cBK |
||
| 999 |
_c31215 _d31215 |
||